Culture Générale - Série 1716 - Statistiques

Statistiques générales
  • Ce quiz a été pris 108 fois
  • Le résultat moyen est 5 sur 10
Statistiques - réponses
Question Réponse % Correct
A quel homme politique sud-africain Johnny Clegg rend-il hommage dans sa chanson "Asimbonanga" ? Nelson Mandela
91%
En 1921, sous quel monument parisien le cercueil du Soldat inconnu est-il inhumé ? Arc de Triomphe
89%
Quelle est l'unité de masse de base, adoptée par la Conférence générale des poids et mesures en 1889 ? kilogramme
65%
Quel est le nom actuel de l'ancienne île Bourbon ? Réunion
65%
Quel mot, synonyme de "couvre-chef", désigne le texte bref qui introduit un article de journal ? chapeau
64%
A la fois grand vase en porcelaine doté d'un couvercle, et personne reléguée à une fonction décorative sans réel pouvoir, que suis-je ? potiche
59%
En 1958, Marguerite Duras publie son roman intitulé "Moderato... Cantabile
26%
Avec Simone Gaffie, quel animateur a écrit les paroles des chansons de Dalida : "Il venait d'avoir 18 ans" et "Ta femme" ? Pascal Sevran
21%
Quelle est la capitale de la communauté autonome espagnole appelée "Pays basque" ? Vitoria
10%
En 2005, à quel auteur compositeur interprète doit-on la chanson sur l'hypocrisie : "Tu peux compter sur moi" ? Bénabar
9%
Aucun quiz correspondant
Distribution des résultats
% des personnes avec chaque résultat
Percentile par nombre de réponses
Votre historique - résultats
Vous n’avez pas pris ce quiz